| 000 | 01045cam a22003131 4500 | ||
|---|---|---|---|
| 001 | 499 | ||
| 003 | BD-RjUL | ||
| 005 | 20211208233206.0 | ||
| 008 | 751104t19431961us b 001 0 eng | ||
| 035 | _a(BD-RjUL)516 | ||
| 035 | _a(OCoLC)1806753 | ||
| 040 |
_aDLC _cFU-L _dOCoLC _dDLC _dBD-RjUL _beng |
||
| 041 | _aeng | ||
| 082 |
_a149.94 _221 _bCAI 1961 |
||
| 100 | 1 |
_aCarnap, Rudolf, _d1891-1970. _953878 |
|
| 245 | 0 | 0 |
_aIntroduction to semantics and Formalization of logic / _cby Rudolf Carnap. |
| 260 |
_aCambridge, _bHarvard University Press, _cc1943 [1961]. |
||
| 300 |
_axiv, 259, xv, 159 p. _c22 cm. |
||
| 490 | 1 |
_a Studies in semantcs ; _vv. 1-2 |
|
| 500 | _a"Two Volumes in One" | ||
| 504 | _aIncludes bibliography nd index. | ||
| 505 | _aVolume I: Introduction to semantics. Volume II: Formalization of logic | ||
| 650 | 0 |
_aSemantics (Philosophy) _990919 |
|
| 650 | 0 |
_aLogic, Symbolic and mathematical. _990920 |
|
| 740 | 0 | _aFormalization of logic. | |
| 942 |
_2ddc _cBK |
||
| 999 |
_c499 _d499 |
||